Statistics for Footballers by Picture - England #2

Click here to take the quiz!

General Stats

  • This quiz has been taken 90 times
    (83 since last reset)
  • The average score is 12 of 20

Answer Stats

Answer% Correct
Harry Maguire
92%
Marcus Rashford
92%
Joe Hart
90%
Jordan Pickford
89%
James Milner
85%
Paul Scholes
85%
Raheem Sterling
80%
Gary Neville
77%
Sol Campbell
73%
Mason Mount
69%
Gary Cahill
59%
Jermain Defoe
55%
David James
51%
Joe Cole
51%
Leighton Baines
45%
Paul Ince
39%
Stanley Matthews
34%
Bryan Robson
32%
Jimmy Greaves
20%
Terry Butcher
15%

Score Distribution

Percentile by Number Answered

Percent of People with Each Score

Your Score History

You have not taken this quiz since the last reset